Kliknij na tytuł piosenki Queen poprzez ostatnie słowo - Statystyki

Ogólne statystyki
  • Ten quiz został rozwiązany 54 razy
  • Średni wynik to 17 z 20
Statystyki odpowiedzi
Hint Odpowiedź % Poprawnych
We Are the Champions
98%
I Want to Break Free
98%
Don't Stop Me Now
98%
Bohemian Rhapsody
98%
We Will Rock You
96%
Another One Bites the Dust
94%
Who Wants to Live Forever
94%
Radio Ga Ga
94%
You're My Best Friend
89%
Somebody to Love
89%
A Kind of Magic
87%
Under Pressure
85%
Killer Queen
79%
Bicycle Race
79%
Fat Bottomed Girls
72%
Body Language
68%
Tie Your Mother Down
66%
Heaven for Everyone
64%
One Vision
60%
Seven Seas of Rhye
55%
Nie znaleziono quizów pasujących do podanych kryteriów
Rozkład punktacji
Procent ludzi z każdym wynikiem
Percentyl według liczby udzielonych odpowiedzi
Twoja historia wyników
Nie rozwiązałeś tego quizu